000 00430nam a22001817a 4500
003 MPLRDC
005 20220104124120.0
008 210129b ||||| |||| 00| 0 eng d
020 _a9971-944-30-8
082 _a868.71 HYY
100 _a黄英仪
245 _a璀璨的人生
_c
260 _a
_b风云出版社
_c1985
300 _b
490 _a风云文学丛书
650 _a马华文学
942 _cBK
_o868.71 HYY
999 _c16753
_d16743